Feel the G's : the science of gravity and G-forces (Record no. 380094)

MARC details
000 -LEADER
fixed length control field 00293nam a2200097Ia 4500
082 ## - DEWEY DECIMAL CLASSIFICATION NUMBER
Classification number J 531.14 SLAD
008 - FIXED-LENGTH DATA ELEMENTS--GENERAL INFORMATION
fixed length control field 210817s9999 xx 000 0 und d
100 ## - MAIN ENTRY--PERSONAL NAME
Personal name SLADE, Suzanne Mankato, MN, 2009
9 (RLIN) 93076
245 #0 - TITLE STATEMENT
Title Feel the G's : the science of gravity and G-forces
942 ## - ADDED ENTRY ELEMENTS
item type Books

No items available.